| 000 | 01497 a2200325 4500 | ||
|---|---|---|---|
| 003 | NUST | ||
| 005 | 20221230173431.0 | ||
| 010 | _a 2003107189 | ||
| 020 | _a1876175842 (pbk.) | ||
| 035 | _a(DLC) 2003107189 | ||
| 040 | _cNust | ||
| 082 | 0 | 0 | _a363.32,COV |
| 245 | 0 | 0 |
_aCovert action :the roots of terrorism / _cedited and with introductions by Ellen Ray and William H. Schaap |
| 246 | 1 | 4 | _aCovert action |
| 260 |
_aMelbourne ; _aNew York : _bOcean Press, _c2003. |
||
| 300 |
_a310 p. ; _c23 cm. |
||
| 505 | _aWar without End (Page-1), From Cuba to Afghanistan (Page-29), Terrorist Wars in the Middle East (Page-121), Iran-contra and Israel lobby (Page-157), The Bush family (page-188), Iran and the Gulf wars (Page-206), End Game:The fundamentalists ascend (Page-235). | ||
| 650 | 0 |
_aIntelligence service _zUnited States. _9106524 |
|
| 650 | 0 |
_aSubversive activities _zUnited States. _9106525 |
|
| 650 | 0 |
_aTerrorism _xGovernment policy _zUnited States. _914605 |
|
| 650 | 0 | _aTerrorism. | |
| 651 | 0 |
_aUnited States _xForeign relations _y20th century. _9105669 |
|
| 651 | 0 |
_aUnited States _xForeign relations _y21st century. _9105683 |
|
| 700 | 1 |
_aRay, Ellen. _9106526 |
|
| 700 | 1 |
_aSchaap, William H. _9106527 |
|
| 710 | 2 |
_aInstitute for Media Analysis. _9106528 |
|
| 856 | 4 | 1 |
_3Publisher description _uhttp://www.loc.gov/catdir/description/cons041/2003107189.html |
| 856 | 4 | 1 |
_3Table of contents only _uhttp://www.loc.gov/catdir/toc/fy0711/2003107189.html |
| 942 |
_2ddc _cBK _k363.32,COV |
||
| 999 |
_c185289 _d185289 |
||